[Event "8 Player Open 1"]
[Site "SchemingMind.com"]
[Date "2014.06.05"]
[Round "-"]
[White "Marc Wakeham"]
[Black "alexyongpohweng"]
[Result "1-0"]
[WhiteCountry "WLS"]
[BlackCountry "MAS"]
[WhiteElo "1573"]
[WhiteRD "76"]
[BlackElo "1148"]
[BlackRD "51"]
[GameID "359346"]

1. e4 e5 2. Nf3 d6 3. d4 exd4 4. Nxd4 Nf6 5. Nc3 Be7 6. Bc4 O-O 7. O-O c6 8. Re1 b5 9. Be2 b4 10. Nb1 Nxe4
11. Bf3 Nf6 12. Nxc6 Nxc6 13. Bxc6 Rb8 14. b3 Bb7 15. Bxb7 Rxb7 16. Bb2 Qb6 17. Re2 Bd8 18. Nd2 Re8 19. Rxe8+ Nxe8 20. Nf3 Nf6
21. Qe1 Re7 22. Qf1 d5 23. Nd4 Qb7 24. Re1 Rxe1 25. Qxe1 Be7 26. Nf5 Bf8 27. Bd4 Ne4 28. Qa1 f6 29. f3 Ng5 30. h4 Ne6
31. Bxf6 gxf6 32. Qxf6 Qf7 33. Nh6+ Bxh6 34. Qxh6 Qg6 35. Qe3 Qf6 36. Qxa7 Qc3 37. Qa8+ Kg7 38. Qxd5 Qe3+ 39. Kh2 Kf6 40. Qb5 Qf4+
41. Kg1 Qxh4 42. Qa6 Qe1+ 43. Kh2 Qd2 44. Qc6 Qf4+ 45. Kg1 Qe3+ 46. Kh2 Qh6+ 47. Kg1 Qc1+ 48. Kh2 Qf4+ 49. Kg1 Qd4+ 50. Kh1 Qh4+
51. Kg1 Qe1+ 52. Kh2 Qh4+ 53. Kg1 Qe1+ 54. Kh2 Qe5+ 55. Kg1= Qe3+ 56. Kh2 Qf4+ 57. Kg1 Qe3+ 58. Kh2 Qh6+ 59. Kg1 Qc1+ 60. Kh2 Qh6+
61. Kg1 Qc1+ 62. Kh2 Qh6+ 63. Kg1= Qe3+ 64. Kh2
1-0

[Event "8 Player Open 1"]
[Site "SchemingMind.com"]
[Date "2014.06.05"]
[Round "-"]
[White "alexyongpohweng"]
[Black "Marc Wakeham"]
[Result "0-1"]
[WhiteCountry "MAS"]
[BlackCountry "WLS"]
[WhiteElo "1240"]
[WhiteRD "45"]
[BlackElo "1560"]
[BlackRD "67"]
[GameID "359347"]

1. e4 d6 2. d4 Nf6 3. Nc3 g6 4. Nf3 Bg7 5. Be2 O-O 6. O-O Bg4 7. h3 Bxf3 8. Bxf3 c6 9. e5 dxe5 10. dxe5 Qxd1
11. Rxd1 Nfd7 12. b3 Nxe5 13. Bf4 Nbd7 14. Bxe5 Nxe5 15. Rab1 Nxf3+ 16. gxf3 Bxc3 17. Rd3 Bf6 18. c3 e6 19. Re3 Rad8 20. Kf1 Rd2
21. Ke1 Rfd8 22. Kf1 Rc2 23. Re2 Rdd2 24. Rxd2 Rxd2 25. c4 Rxa2 26. Kg2 Rd2 27. Kg3 h5 28. Kg2 Rb2 29. Rxb2 Bxb2
0-1

[Event "8 Player Open 1"]
[Site "SchemingMind.com"]
[Date "2014.06.04"]
[Round "-"]
[White "Marc Wakeham"]
[Black "Phillip Beckett"]
[Result "1/2-1/2"]
[WhiteCountry "WLS"]
[BlackCountry "ENG"]
[WhiteElo "1551"]
[WhiteRD "68"]
[BlackElo "1560"]
[BlackRD "47"]
[GameID "359353"]

1. e4 e5 2. Nf3 Nc6 3. d4 exd4 4. c3 dxc3 5. Nxc3 Be7 6. Bc4 Nf6 7. O-O d6 8. Bg5 h6 9. Bh4 Ne5 10. Nxe5 dxe5
11. Qb3 O-O 12. Rad1 Qe8 13. Bxf6 Bxf6 14. Nd5 Qc6 15. Nxf6+ Qxf6 16. Rd2 Be6 17. Bxe6 Qxe6 18. Qxe6 fxe6 19. Rd7 Rf7 20. Rfd1 Raf8
21. R1d2 Rxd7 22. Rxd7 Rf7 23. Rxf7 Kxf7 24. Kf1 Ke7 25. Ke2 Kd6 26. Kd3 Kc5 27. Kc3 b5 28. b4+ Kd6 29. f3 c5 30. a3 c4
31. g3 g5 32. g4 Ke7 33. h3 Kd6 34. Kd2 Kc6 35. Kc3= Kb6 36. Kd2=
1/2-1/2

[Event "8 Player Open 1"]
[Site "SchemingMind.com"]
[Date "2014.06.04"]
[Round "-"]
[White "Phillip Beckett"]
[Black "Marc Wakeham"]
[Result "1-0"]
[WhiteCountry "ENG"]
[BlackCountry "WLS"]
[WhiteElo "1560"]
[WhiteRD "47"]
[BlackElo "1551"]
[BlackRD "68"]
[GameID "359354"]

1. e4 d6 2. d4 Nf6 3. Nc3 g6 4. Nf3 Bg7 5. Be2 O-O 6. h3 Nc6 7. O-O Bd7 8. Be3 a6 9. Qd2 Qc8 10. Bh6 Bxh3
11. gxh3 Qxh3 12. Bxg7 Kxg7 13. Nh2 e5 14. Qe3 Qxe3 15. fxe3 b5 16. d5 Nb4 17. Bd3 Nxd3 18. cxd3 Rac8 19. Rf3 c6 20. dxc6 Rxc6
21. Raf1 Nd7 22. Nd5 Rc2 23. R3f2 Rxf2 24. Rxf2 Nc5 25. Rd2 f5 26. d4 Nxe4 27. Rc2 Rf7 28. Rc7 h5 29. Rxf7+ Kxf7 30. dxe5 dxe5
31. Nf3 Ke6 32. Nc7+ Kd6 33. Nxa6 Nc5 34. Nxc5 Kxc5 35. Nh4 g5 36. Nxf5 h4 37. Kg2 Kd5 38. Kf3
1-0

[Event "8 Player Open 1"]
[Site "SchemingMind.com"]
[Date "2014.06.05"]
[Round "-"]
[White "alexyongpohweng"]
[Black "Phillip Beckett"]
[Result "0-1"]
[WhiteCountry "MAS"]
[BlackCountry "ENG"]
[WhiteElo "1251"]
[WhiteRD "46"]
[BlackElo "1560"]
[BlackRD "47"]
[GameID "359355"]

1. e4 e5 2. Qh5 Nc6 3. Bc4 Qe7 4. Qf3 Nf6 5. Nc3 Nd4 6. Qd1 d6 7. h3 Be6 8. Bxe6 Nxe6 9. Nf3 Nf4 10. O-O g6
11. d3 Ne6 12. Nd5 Nxd5 13. exd5 Nc5 14. b4 Nd7 15. c4 Bg7 16. a3 O-O 17. Re1 f5 18. Rb1 Qf7 19. c5 dxc5 20. bxc5 b6
21. cxb6 axb6 22. Qb3 Nf6 23. Nxe5 Qxd5 24. Qxd5+ Nxd5 25. Nc6 Nc3 26. Rb3 Nd5 27. d4 Rfe8 28. Rxe8+ Rxe8 29. Nb4 Nxb4 30. axb4 Re1+
0-1

[Event "8 Player Open 1"]
[Site "SchemingMind.com"]
[Date "2014.06.05"]
[Round "-"]
[White "Phillip Beckett"]
[Black "alexyongpohweng"]
[Result "1-0"]
[WhiteCountry "ENG"]
[BlackCountry "MAS"]
[WhiteElo "1553"]
[WhiteRD "48"]
[BlackElo "1240"]
[BlackRD "45"]
[GameID "359356"]

1. e4 e5 2. Nf3 d6 3. d4 exd4 4. Nxd4 Nf6 5. Nc3 Be7 6. Be2 O-O 7. O-O a6 8. Be3 b5 9. a3 c5 10. Nb3 b4
11. axb4 cxb4 12. Na4 Bd7 13. Bf3 Bc6 14. Nb6 Ra7 15. Nd5 Bxd5 16. Bxa7 Nbd7 17. exd5 Ne8 18. Re1 Nc5 19. Bxc5 dxc5 20. c4 Nf6
21. Rxa6 Re8 22. Ra7 Nd7 23. Re3 Nf6 24. Qe1 Kf8 25. Raxe7 Rxe7 26. Rxe7 Qxe7 27. Qxe7+ Kxe7 28. Nxc5 Kd6 29. Ne4+ Nxe4 30. Bxe4 g6
31. f4 f5 32. Bc2 h6 33. g4 fxg4 34. Bxg6 Kd7 35. f5
1-0

[Event "8 Player Open 1"]
[Site "SchemingMind.com"]
[Date "2014.06.05"]
[Round "-"]
[White "Marc Wakeham"]
[Black "kenneth m day"]
[Result "1-0"]
[WhiteCountry "WLS"]
[BlackCountry "USA"]
[WhiteElo "1571"]
[WhiteRD "72"]
[BlackElo "1754"]
[BlackRD "50"]
[GameID "359394"]

1. e4 e5 2. Nf3 Nc6 3. d4 exd4 4. c3 dxc3 5. Nxc3 Bc5 6. Bc4 d6 7. O-O Nf6 8. Bg5 O-O 9. Re1 Be6 10. Bd5 h6
11. Bh4 Ne5 12. Nxe5 dxe5 13. Bxe6 fxe6 14. Qb3 Qd7 15. Rad1 Qc6 16. Rd2 Rad8 17. Red1 Rde8 18. Qb5 Qxb5 19. Nxb5 Nxe4 20. Rd7 c6
21. Nc7 Rc8 22. Nxe6 Bxf2+ 23. Bxf2 Rxf2 24. Rxg7+ Kh8 25. Rdd7 Nf6 26. Rdf7
1-0

[Event "8 Player Open 1"]
[Site "SchemingMind.com"]
[Date "2014.06.05"]
[Round "-"]
[White "kenneth m day"]
[Black "Marc Wakeham"]
[Result "1-0"]
[WhiteCountry "USA"]
[BlackCountry "WLS"]
[WhiteElo "1754"]
[WhiteRD "50"]
[BlackElo "1571"]
[BlackRD "72"]
[GameID "359395"]

1. e4 d6 2. f4 g6 3. Nc3 Bg7 4. d4 Nf6 5. Nf3 O-O 6. Bd3 Bg4 7. h3 Bd7 8. Be3 a6 9. Qd2 b5 10. e5 dxe5
11. fxe5 Nc6 12. exf6 Bxf6 13. Bh6 Bg7 14. O-O-O Na5 15. Bxg7 Kxg7 16. Ne5 Bc8 17. g4 Bb7 18. Rh2 Nc6 19. Nxc6 Bxc6 20. Qf4 Qd6
21. Qxd6 cxd6 22. d5 Bd7 23. Re1 Rac8 24. Rxe7 Rcd8 25. Rhe2 b4 26. Ne4 Bc8 27. Ng5 h6 28. Ne6+
1-0

[Event "8 Player Open 1"]
[Site "SchemingMind.com"]
[Date "2014.06.05"]
[Round "-"]
[White "alexyongpohweng"]
[Black "kenneth m day"]
[Result "0-1"]
[WhiteCountry "MAS"]
[BlackCountry "USA"]
[WhiteElo "1240"]
[WhiteRD "45"]
[BlackElo "1741"]
[BlackRD "52"]
[GameID "359396"]

1. e4 e5 2. Qh5 Nc6 3. Bc4 Qe7 4. Qf3 Nf6 5. c3 d6 6. Na3 Bg4 7. Qe3 O-O-O 8. Bb5 Qd7 9. Nf3 a6 10. Bxc6 Qxc6
11. O-O Nxe4 12. d3 Nf6 13. h3 Bh5 14. g4 Bg6 15. Nh2 h5 16. gxh5 Rxh5 17. f3 Rxh3 18. Kg2 Bf5 19. Ng4 Bxg4 20. c4 Be7
21. Bd2 Rdh8 22. Qe2 Rh2+
0-1

[Event "8 Player Open 1"]
[Site "SchemingMind.com"]
[Date "2014.06.05"]
[Round "-"]
[White "kenneth m day"]
[Black "alexyongpohweng"]
[Result "1-0"]
[WhiteCountry "USA"]
[BlackCountry "MAS"]
[WhiteElo "1753"]
[WhiteRD "49"]
[BlackElo "1251"]
[BlackRD "46"]
[GameID "359397"]

1. e4 e5 2. f4 exf4 3. Nf3 Nf6 4. e5 Nd5 5. Nc3 Nxc3 6. dxc3 d6 7. Bxf4 dxe5 8. Qxd8+ Kxd8 9. O-O-O+ Bd7 10. Nxe5 Ke8
11. Bc4 f6 12. Nf7 Rg8 13. Bxc7 Ke7 14. Rhe1+
1-0

[Event "8 Player Open 1"]
[Site "SchemingMind.com"]
[Date "2014.06.05"]
[Round "-"]
[White "Phillip Beckett"]
[Black "kenneth m day"]
[Result "0-1"]
[WhiteCountry "ENG"]
[BlackCountry "USA"]
[WhiteElo "1606"]
[WhiteRD "49"]
[BlackElo "1708"]
[BlackRD "50"]
[GameID "359398"]

1. e4 e5 2. Nf3 Nc6 3. Bb5 d6 4. Bxc6+ bxc6 5. d4 exd4 6. Nxd4 Bd7 7. Nc3 Nf6 8. O-O Be7 9. Bg5 O-O 10. Kh1 h6
11. Bh4 Ng4 12. Bxe7 Qxe7 13. h3 Ne5 14. Nf3 Qf6 15. Nxe5 Qxe5 16. f4 Qc5 17. Qf3 f5 18. exf5 Rxf5 19. g4 Rff8 20. f5 Bc8
21. Qf2 Qe5 22. Qf4 Qxf4 23. Rxf4 Bb7 24. Kh2 c5 25. Re1 Rae8 26. Rxe8 Rxe8 27. Rf2 Re1 28. Re2 Rh1+ 29. Kg3 Rf1 30. Re7 Rf3+
31. Kh4 Rf2 32. Ne4 Bxe4 33. Rxe4 Rxc2 34. Re7 Rxb2 35. Rxc7 Rxa2 36. Rc6 Rd2 37. Rc8+ Kh7 38. Rc7 a5 39. f6 Rf2 40. Rxg7+ Kh8
41. Rg6 a4 42. Rxh6+ Kg8 43. Rg6+ Kf7 44. Rg7+ Kxf6 45. Ra7 Rf4 46. Ra6 Ke5 47. Ra8 Kd5 48. Kg5 Rb4 49. h4 c4 50. h5 c3
51. h6 c2 52. Rc8 Rc4 53. Rxc4 Kxc4 54. h7 c1=Q+ 55. Kg6 Qh1 56. Kg7 a3 57. h8=Q Qxh8+ 58. Kxh8 a2
0-1

[Event "8 Player Open 1"]
[Site "SchemingMind.com"]
[Date "2014.06.05"]
[Round "-"]
[White "kenneth m day"]
[Black "Phillip Beckett"]
[Result "1-0"]
[WhiteCountry "USA"]
[BlackCountry "ENG"]
[WhiteElo "1741"]
[WhiteRD "52"]
[BlackElo "1553"]
[BlackRD "48"]
[GameID "359399"]

1. e4 e5 2. f4 Qh4+ 3. g3 Qe7 4. d3 exf4 5. Bxf4 c6 6. Ne2 Nf6 7. Nbc3 d5 8. Bg2 dxe4 9. O-O exd3 10. Qxd3 Qc5+
11. Kh1 Be7 12. Rad1 O-O 13. Bd6 Bxd6 14. Qxd6 Qxd6 15. Rxd6 Be6 16. Nf4 Bg4 17. Nd3 Nbd7 18. Rd4 Be6 19. Nf4 Rad8 20. Nxe6 fxe6
21. Rfd1 Kf7 22. Ne4 Nxe4 23. Bxe4 g6 24. Rxd7+ Rxd7 25. Rxd7+ Kf6 26. Rxb7 Ke5 27. Bxc6 Rf1+ 28. Kg2 Rc1 29. c3 Rc2+ 30. Kh3 Kd6
31. Be4 a5 32. Bxc2
1-0

[Event "8 Player Open 1"]
[Site "SchemingMind.com"]
[Date "2014.06.06"]
[Round "-"]
[White "Marc Wakeham"]
[Black "JimM"]
[Result "0-1"]
[WhiteCountry "WLS"]
[BlackCountry "USA"]
[WhiteElo "1560"]
[WhiteRD "67"]
[BlackElo "1628"]
[BlackRD "88"]
[GameID "359436"]

1. e4 c5 2. c3 e6 3. Nf3 d5 4. exd5 exd5 5. Be2 Nf6 6. O-O Nc6 7. d4 Bf5 8. Re1 Be7 9. dxc5 O-O 10. Be3 Ng4
11. Bf4 Bxc5 12. Rf1 Qb6 13. Bg3 Qxb2 14. Nbd2 Qxc3 15. Qb3 Qxb3 16. Nxb3 Bb6 17. h3 Nf6 18. Nfd2 Ne4 19. Nxe4 dxe4 20. Bb5 Rac8
21. Bxc6 bxc6 22. Rac1 Bg6 23. Rfd1 f5 24. Rd6 c5 25. Rd7 f4 26. Bh4 Rf7 27. Rcd1 h6 28. Rxf7 Bxf7 29. Rb1 g5 30. Bxg5 hxg5
0-1

[Event "8 Player Open 1"]
[Site "SchemingMind.com"]
[Date "2014.06.06"]
[Round "-"]
[White "JimM"]
[Black "Marc Wakeham"]
[Result "0-1"]
[WhiteCountry "USA"]
[BlackCountry "WLS"]
[WhiteElo "1628"]
[WhiteRD "88"]
[BlackElo "1560"]
[BlackRD "67"]
[GameID "359437"]

1. e4 d6 2. d4 Nf6 3. Nc3 g6 4. Nf3 Bg7 5. Be2 O-O 6. O-O c5 7. d5 Bg4 8. h3 Bxf3 9. Bxf3 Nbd7 10. Be2 a6
11. Bf4 b5 12. Re1 b4 13. Nb1 Nxe4 14. Bxa6 Nef6 15. Bc4 Nb6 16. Bb3 c4 17. Qd2 cxb3 18. cxb3 Nfxd5 19. Bg5 Re8 20. Bh6 e6
21. Bxg7 Kxg7 22. Qd4+ Kg8 23. Nd2 Rc8 24. a4 Rc2 25. a5 Nd7 26. Nc4 Ne5 27. Nxe5 dxe5 28. Rxe5 Qc7 29. a6 Rc1+ 30. Rxc1 Qxc1+
31. Kh2 Qf4+ 32. Qxf4 Nxf4 33. Ra5 Nd3 34. f3 Nxb2 35. a7 Ra8 36. Kg3 Nd3 37. Kh4 h6 38. g4 Nc1 39. Rb5 Rxa7 40. Rxb4 Ra3
41. f4 Rxb3 42. Rc4 Ne2 43. g5 h5 44. Re4 Ng1
0-1

[Event "8 Player Open 1"]
[Site "SchemingMind.com"]
[Date "2014.06.09"]
[Round "-"]
[White "alexyongpohweng"]
[Black "JimM"]
[Result "0-1"]
[WhiteCountry "MAS"]
[BlackCountry "USA"]
[WhiteElo "1240"]
[WhiteRD "45"]
[BlackElo "1628"]
[BlackRD "88"]
[GameID "359438"]

1. e4 c5 2. d4 e6 3. dxc5 Bxc5 4. Nf3 Nc6 5. Bb5 Qb6 6. Bxc6 Qxc6 7. O-O Qxe4 8. Nc3 Qc6 9. Ne5 Qc7 10. Nf3 Nf6
11. Bg5 Be7 12. Bxf6 Bxf6 13. Qd3 O-O 14. Rab1 d5 15. Nb5 Qc6 16. Nc3 b6 17. Ne2 e5 18. Qd1 Ba6 19. Re1 Rac8 20. c3 Rfd8
21. b3 e4 22. Nd2 Qd6 23. b4 Bxc3 24. Nxc3 Rxc3 25. Ra1 Qxb4 26. a3 Rxa3 27. Rxa3 Qxa3 28. Nb1 Qd6 29. Nc3 h6 30. Na4 Rc8
31. Nb2 f5 32. Na4 Kh8 33. Qb1 d4 34. Rd1 d3 35. Nb2 Rc2 36. Na4 Qd4 37. Qa1 Qxf2+
0-1

[Event "8 Player Open 1"]
[Site "SchemingMind.com"]
[Date "2014.06.09"]
[Round "-"]
[White "JimM"]
[Black "alexyongpohweng"]
[Result "1-0"]
[WhiteCountry "USA"]
[BlackCountry "MAS"]
[WhiteElo "1628"]
[WhiteRD "88"]
[BlackElo "1240"]
[BlackRD "45"]
[GameID "359439"]

1. e4 e5 2. Nf3 d6 3. d4 exd4 4. Nxd4 Nf6 5. Nc3 Be7 6. Bb5+ c6 7. Ba4 b5 8. Bb3 b4 9. Na4 Nxe4 10. Qh5 d5
11. Nxc6 Nxc6 12. Qxd5 Qxd5 13. Bxd5 Bd7 14. Bxe4 O-O 15. Be3 Ne5 16. Bxa8 Rxa8 17. O-O Bxa4 18. b3 Bc6 19. Bd2 Ng6 20. c4 Bf6
21. Rad1 Ne5 22. Bxb4 a5 23. Bd6 Ng6 24. Bg3 Re8 25. Rd6 Bb7 26. h3 Be7 27. Rd7 Rb8 28. Bxb8
1-0

[Event "8 Player Open 1"]
[Site "SchemingMind.com"]
[Date "2014.06.06"]
[Round "-"]
[White "Phillip Beckett"]
[Black "JimM"]
[Result "0-1"]
[WhiteCountry "ENG"]
[BlackCountry "USA"]
[WhiteElo "1560"]
[WhiteRD "47"]
[BlackElo "1603"]
[BlackRD "99"]
[GameID "359440"]

1. e4 c5 2. Nf3 g6 3. d4 cxd4 4. Nxd4 Nc6 5. Nc3 Bg7 6. Be3 d6 7. f3 Nf6 8. Qd2 O-O 9. O-O-O Bd7 10. Bc4 Rb8
11. h4 a6 12. h5 Nxh5 13. Nxc6 Bxc6 14. Bh6 e6 15. Bxg7 Kxg7 16. g4 Kf6 17. gxh5 Ke7 18. hxg6 hxg6 19. Qg5+ Kd7 20. e5 Qxg5+
0-1

[Event "8 Player Open 1"]
[Site "SchemingMind.com"]
[Date "2014.06.06"]
[Round "-"]
[White "JimM"]
[Black "Phillip Beckett"]
[Result "1-0"]
[WhiteCountry "USA"]
[BlackCountry "ENG"]
[WhiteElo "1628"]
[WhiteRD "88"]
[BlackElo "1553"]
[BlackRD "48"]
[GameID "359441"]

1. e4 e5 2. Nf3 Nc6 3. Bb5 a6 4. Ba4 Nf6 5. O-O Be7 6. Re1 b5 7. Bb3 O-O 8. c3 d5 9. exd5 Nxd5 10. Nxe5 Nxe5
11. Rxe5 c6 12. d3 Bd6 13. Re1 Qh4 14. g3 Qh3 15. Re4 f5 16. Rh4 Qxh4 17. gxh4 f4 18. Nd2 Bh3 19. Bxd5+ Kh8 20. Bxc6 Rac8
21. Bb7 Rc7 22. Bxa6 Bc5 23. Ne4 Rc6 24. Bxb5 Rg6+ 25. Ng5 h6 26. Qf3 hxg5 27. hxg5 Rxg5+ 28. Kh1 Bxf2 29. Qxf2 f3 30. Qxf3 Rxf3
31. Bxg5 Rf2 32. Rb1 Rc2 33. d4 Bf5 34. c4 Be4+ 35. Kg1 Rg2+ 36. Kf1 Rxg5 37. Re1 Rf5+ 38. Kg1 Rg5+ 39. Kf2 Bg6 40. a4 Rf5+
41. Ke3 Rh5 42. Re2 Rh3+ 43. Kd2 Bh5 44. Rf2 Bg6 45. d5 Rd3+ 46. Kc1 Re3 47. a5 Re1+ 48. Kd2 Rb1 49. Kc3 Rc1+ 50. Kd4 Rd1+
51. Kc5
1-0

[Event "8 Player Open 1"]
[Site "SchemingMind.com"]
[Date "2014.06.08"]
[Round "-"]
[White "kenneth m day"]
[Black "JimM"]
[Result "0-1"]
[WhiteCountry "USA"]
[BlackCountry "USA"]
[WhiteElo "1708"]
[WhiteRD "50"]
[BlackElo "1698"]
[BlackRD "89"]
[GameID "359442"]

1. e4 c5 2. Nc3 d6 3. f4 Nc6 4. Nf3 g6 5. Bc4 Bg7 6. d3 e6 7. Bd2 Nge7 8. Rf1 a6 9. Qe2 O-O 10. f5 exf5
11. exf5 Bxf5 12. O-O-O d5 13. Bb3 b5 14. a3 c4 15. dxc4 bxc4 16. Ba4 Qa5 17. Be1 Bxc3 18. Bxc6 Bxe1 19. Bxa8 c3 20. Qxe1 cxb2+
21. Kxb2 Rb8+ 22. Ka2 Qc5 23. Nd4 Bxc2 24. Rd2 Qc4+
0-1

[Event "8 Player Open 1"]
[Site "SchemingMind.com"]
[Date "2014.06.10"]
[Round "-"]
[White "JimM"]
[Black "kenneth m day"]
[Result "1-0"]
[WhiteCountry "USA"]
[BlackCountry "USA"]
[WhiteElo "1711"]
[WhiteRD "90"]
[BlackElo "1669"]
[BlackRD "52"]
[GameID "359443"]

1. d4 d5 2. c4 Nc6 3. Nf3 Bg4 4. e3 Nf6 5. Be2 dxc4 6. Bxc4 e6 7. O-O Be7 8. Nbd2 O-O 9. h3 Bh5 10. Qb3 Na5
11. Qc2 Nxc4 12. Qxc4 Rc8 13. Ne5 Nd5 14. a3 c5 15. Ndf3 cxd4 16. Qxd4 Bc5 17. Qe4 f6 18. Nd3 Qd6 19. Nxc5 Rxc5 20. Nd4 Bf7
21. a4 Re8 22. Nb5 Qb6 23. Qd3 a6 24. Nd4 Bg6 25. Qa3 e5 26. a5 Qc7 27. Nf3 Rc8 28. b4 Rc3 29. Qa2 Bf7 30. Qa4 Be8
31. Qa2 Bf7 32. Qb2 Qd6 33. Rb1 Bg6 34. Bd2 R3c4 35. Rbc1 Nxb4 36. Rfd1 Be4 37. Bxb4 Qxb4 38. Qxb4 Rxc1 39. Qb3+ R8c4 40. Rxc1
1-0

[Event "8 Player Open 1"]
[Site "SchemingMind.com"]
[Date "2014.06.06"]
[Round "-"]
[White "Marc Wakeham"]
[Black "Simon Green"]
[Result "1-0"]
[WhiteCountry "WLS"]
[BlackCountry "ENG"]
[WhiteElo "1560"]
[WhiteRD "67"]
[BlackElo "1558"]
[BlackRD "55"]
[GameID "359465"]

1. e4 e6 2. d4 d5 3. Nc3 Nf6 4. e5 Nfd7 5. Nf3 c5 6. Be3 c4 7. b3 Bb4 8. Bd2 a6 9. Ne2 Bxd2+ 10. Qxd2 b5
11. Nc3 O-O 12. Be2 Nc6 13. O-O f5 14. Qf4 Ne7 15. Ng5 Qb6 16. a4 b4 17. a5 Qc6 18. Na4 Ng6 19. Qf3 h6 20. Nh3 Rf7
21. Qh5 Ndf8 22. f4 Bd7 23. Nb6 c3 24. Nxa8 Qxa8 25. Rf3 Be8 26. Rg3 Rc7 27. Qf3 Qa7 28. Rd1 Bb5 29. Kh1 Nh4 30. Qf1 Bxe2
31. Qxe2 Rc6 32. Rdd3 Qc7 33. Qf2 Qf7 34. Ng5 hxg5 35. Rxg5 Nhg6 36. Rdg3 Qc7 37. Rh3 Qf7 38. Qf3 Nh8 39. Rgh5 Nfg6 40. Rh7 Qc7
41. Qh5 Qxa5 42. Rxh8+ Kf7 43. Qd1 Nxh8 44. Rxh8 Qc7 45. Qh5+
1-0

[Event "8 Player Open 1"]
[Site "SchemingMind.com"]
[Date "2014.06.06"]
[Round "-"]
[White "Simon Green"]
[Black "Marc Wakeham"]
[Result "1/2-1/2"]
[WhiteCountry "ENG"]
[BlackCountry "WLS"]
[WhiteElo "1558"]
[WhiteRD "55"]
[BlackElo "1560"]
[BlackRD "67"]
[GameID "359466"]

1. d4 Nf6 2. e3 d5 3. Bd3 Nc6 4. f4 Bg4 5. Nf3 e6 6. O-O Bd6 7. Nbd2 O-O 8. Qe1 h6 9. Ne5 Be7 10. c3 Nxe5
11. fxe5 Nh7 12. e4 Bg5 13. exd5 exd5 14. Qg3 Be6 15. Nf3 Bxc1 16. Raxc1 Qd7 17. Nh4 c6 18. Nf5 Bxf5 19. Bxf5 Qe7 20. Rce1 Rae8
21. h4 b6 22. Bxh7+ Kxh7 23. Qd3+ Kg8 24. Qg3 Qe6 25. Rf3 Re7 26. Rf6 Qc8 27. Rxh6 Qf5 28. Rf1 Qc2 29. Rf5 Qxf5 30. Rxc6 Qb1+
31. Kh2 Qxb2 32. h5 Qc2 33. h6 g6 34. Qg5 Qf5 35. Qxe7 Qh5+ 36. Kg1 Qxh6 37. Qxa7 Qc1+ 38. Kh2 Qh6+= 39. Kg1 Qc1+ 40. Kf2 Qd2+
41. Kg3=
1/2-1/2

[Event "8 Player Open 1"]
[Site "SchemingMind.com"]
[Date "2014.06.09"]
[Round "-"]
[White "alexyongpohweng"]
[Black "Simon Green"]
[Result "0-1"]
[WhiteCountry "MAS"]
[BlackCountry "ENG"]
[WhiteElo "1203"]
[WhiteRD "51"]
[BlackElo "1594"]
[BlackRD "54"]
[GameID "359467"]

1. e4 e6 2. d4 d5 3. e5 c5 4. dxc5 Bxc5 5. Nf3 Qb6 6. Qd2 Nc6 7. Nc3 Bb4 8. a3 Bxc3 9. Qxc3 Nge7 10. Qb3 Qxb3
11. cxb3 Bd7 12. Bb5 a6 13. Bxc6 Nxc6 14. O-O O-O 15. Be3 h6 16. b4 b5 17. Bc5 Rfe8 18. Nd2 Nxe5 19. Bd6 Nc4 20. Nxc4 dxc4
21. f3 Bc6 22. Bf4 Rad8 23. Rad1 Rxd1 24. Rxd1 Bd5 25. h3 f5 26. Kf2 Kf7 27. Re1 g5 28. Bd2 Kf6 29. Bc1 Re7 30. Bd2 f4
31. Bc3+ e5 32. Ke2 Kf5 33. Kd2 e4 34. g4+ Kg6 35. fxe4 Rxe4 36. Rf1 h5 37. gxh5+ Kxh5 38. Kd1 Re3
0-1

[Event "8 Player Open 1"]
[Site "SchemingMind.com"]
[Date "2014.06.09"]
[Round "-"]
[White "Simon Green"]
[Black "alexyongpohweng"]
[Result "0-1"]
[WhiteCountry "ENG"]
[BlackCountry "MAS"]
[WhiteElo "1594"]
[WhiteRD "54"]
[BlackElo "1203"]
[BlackRD "51"]
[GameID "359468"]

1. d4 d5 2. e3 Nf6 3. Bd3 g6 4. f4 Bg7 5. Nf3 O-O 6. O-O Nc6 7. c3 b6 8. Nbd2 Bb7 9. Qe1 a6 10. Ne5 Nxe5
11. fxe5 Nd7 12. e4 e6 13. exd5 Bxd5 14. Be4 Bxe4 15. Nxe4 c5 16. Be3 cxd4 17. cxd4 f6 18. exf6 Nxf6 19. Bg5 Qxd4+ 20. Nf2 Qxb2
21. Qxe6+ Rf7 22. Bxf6 Bxf6 23. Rfb1 Qd4 24. Qe2 Qc5 25. Rc1 Qd6 26. Rc2 Bxa1 27. Ne4 Qe5 28. g3 Raf8 29. Qc4 Kg7 30. Kg2 Bd4
31. Ng5 Qxg5 32. Qxd4+ Qf6 33. Qxf6+ Rxf6 34. Rc7+ R8f7
0-1

[Event "8 Player Open 1"]
[Site "SchemingMind.com"]
[Date "2014.06.06"]
[Round "-"]
[White "Phillip Beckett"]
[Black "Simon Green"]
[Result "1-0"]
[WhiteCountry "ENG"]
[BlackCountry "ENG"]
[WhiteElo "1560"]
[WhiteRD "47"]
[BlackElo "1583"]
[BlackRD "58"]
[GameID "359469"]

1. e4 e6 2. d4 d5 3. Nd2 Nf6 4. e5 Nfd7 5. f4 c5 6. c3 c4 7. Ndf3 Be7 8. Ne2 Nc6 9. g3 f5 10. exf6 Bxf6
11. Bh3 Nb6 12. O-O Bd7 13. Be3 Qe7 14. Kh1 O-O-O 15. Ne5 Bxe5 16. fxe5 Rhf8 17. Nf4 Rf7 18. Qe2 Rdf8 19. Nh5 Rxf1+ 20. Rxf1 Rxf1+
21. Qxf1 Kc7 22. Qf4 Nd8 23. g4 Be8 24. Ng3 Nf7 25. Nh5 Nh6 26. Ng3 Bg6 27. Bg2 Nd7 28. g5 Nf5 29. Nxf5 Bxf5 30. Bxd5 g6
31. Be4 b5 32. Bxf5 gxf5 33. h4 Nf8 34. h5 a5 35. d5 Kd7 36. d6 Qd8 37. Qd4 Qb8 38. Qa7+ Qxa7 39. Bxa7 Ke8 40. Bb6 Kf7
41. Bxa5 Nd7 42. Kg2 Nxe5 43. Bc7 Nd7 44. Kf3 e5 45. b3 Ke6 46. bxc4 bxc4 47. a4 Nc5 48. a5 Ne4 49. a6
1-0

[Event "8 Player Open 1"]
[Site "SchemingMind.com"]
[Date "2014.06.06"]
[Round "-"]
[White "Simon Green"]
[Black "Phillip Beckett"]
[Result "0-1"]
[WhiteCountry "ENG"]
[BlackCountry "ENG"]
[WhiteElo "1583"]
[WhiteRD "58"]
[BlackElo "1560"]
[BlackRD "47"]
[GameID "359470"]

1. d4 d5 2. e3 e6 3. Bd3 c5 4. c3 Nc6 5. f4 cxd4 6. exd4 Bd6 7. Nf3 Nf6 8. O-O Qc7 9. Ne5 O-O 10. Nd2 Nd7
11. Ndf3 f6 12. Ng4 e5 13. fxe5 fxe5 14. dxe5 Ndxe5 15. Ngxe5 Nxe5 16. Qe2 Nxd3 17. Qxd3 Bf5 18. Qd4 Bc5
0-1

[Event "8 Player Open 1"]
[Site "SchemingMind.com"]
[Date "2014.06.06"]
[Round "-"]
[White "kenneth m day"]
[Black "Simon Green"]
[Result "1-0"]
[WhiteCountry "USA"]
[BlackCountry "ENG"]
[WhiteElo "1708"]
[WhiteRD "50"]
[BlackElo "1597"]
[BlackRD "56"]
[GameID "359471"]

1. e4 e6 2. d4 d5 3. Nc3 Nf6 4. e5 Nfd7 5. Bd3 c5 6. Be3 c4 7. Be2 a6 8. Qd2 Be7 9. Nf3 O-O 10. O-O-O Bb4
11. a3 Bxc3 12. Qxc3 Nc6 13. Qd2 f5 14. exf6 Nxf6 15. Bg5 h6 16. Bh4 Qe8 17. Ne5 Nxe5 18. dxe5 Ne4 19. Qe3 Qb5 20. f3 Nc5
21. Be7 Rf7 22. Bxc5 Bd7 23. Bd4 a5 24. g4 a4 25. h4 Raf8 26. Bc5 Rc8 27. Bb4 b6 28. Rdg1 Kh7 29. h5 Rcf8 30. Bxf8 Rxf8
31. g5 Qc5 32. Qxc5 bxc5 33. gxh6 gxh6 34. Rg6 Rg8 35. Rhg1 Rxg6 36. Rxg6 Be8 37. Rxe6 Bxh5 38. Rc6
1-0

[Event "8 Player Open 1"]
[Site "SchemingMind.com"]
[Date "2014.06.06"]
[Round "-"]
[White "Simon Green"]
[Black "kenneth m day"]
[Result "1-0"]
[WhiteCountry "ENG"]
[BlackCountry "USA"]
[WhiteElo "1597"]
[WhiteRD "56"]
[BlackElo "1708"]
[BlackRD "50"]
[GameID "359472"]

1. d4 Nf6 2. e3 d6 3. Bd3 g6 4. f4 Bg7 5. Nf3 Bg4 6. O-O O-O 7. Nbd2 Re8 8. Qe1 Nbd7 9. c3 c5 10. h3 Bxf3
11. Nxf3 Rc8 12. Bd2 cxd4 13. exd4 a6 14. Qf2 Nd5 15. Ng5 h6 16. Nf3 e6 17. Rae1 N7f6 18. Qg3 Nh5 19. Qg4 Qf6 20. g3 Bh8
21. Nh4 Ng7 22. Re2 Nf5 23. Nxf5 exf5 24. Rxe8+ Rxe8 25. Qf3 Ne7 26. Qxb7 g5 27. Qxa6 gxf4 28. Bxf4 Nd5 29. Qxd6 Qe6 30. Qxe6 fxe6
31. Bxh6 Bf6 32. Re1 Kh7 33. Bd2
1-0